Finansovyje metody material'nogo stimulirovanija proizvodstva

Enregistré dans:
Détails bibliographiques
Auteur principal: Artemov, Ju.M
Autres auteurs: Parasočka, Valentin Timofejevič, Safonov, Fedor Pavlovič
Format: Livre
Langue:russe
Publié: Moskva Finansy i statistika 1983
Tags: Ajouter un tag
Pas de tags, Soyez le premier à ajouter un tag!

MARC

LEADER 00000nam a2200000 4500
001 c116810
005 20041019155205.7
041 0 |a rus 
044 |a RU 
245 1 0 |a Finansovyje metody material'nogo stimulirovanija proizvodstva  |c Ju.M. Artemov, Valentin Timofejevič Parasočka, Fedor Pavlovič Safonov 
264 1 |a Moskva  |b Finansy i statistika  |c 1983 
300 |a 127 s. 
100 1 |a Artemov, Ju.M. 
700 1 |a Parasočka, Valentin Timofejevič 
700 1 |a Safonov, Fedor Pavlovič